[Event "Infrasettimanale Poco a Poco 4"]
[Site "?"]
[Date "2024.12.09"]
[Round "5"]
[White "Battistelli, Gianluca"]
[Black "Pagnanini, Andrea"]
[Result "1/2-1/2"]
[WhiteElo "1875"]
[BlackElo "1642"]
[PlyCount "76"]
[EventDate "2024.??.??"]
[SourceVersionDate "2024.12.22"]

1. e4 d5 2. exd5 Qxd5 3. Nf3 Nf6 4. Be2 Bf5 5. O-O e6 6. c4 Qa5 7. Nc3 Be7 8. d4 c6 9. Ne5 Nbd7 10. g4 Bg6 11. Nxg6 hxg6 12. Bf4 e5 13. dxe5 Nxe5 14. Qb3 O-O-O 15. f3 Bc5+ 16. Kg2 Nd3 17. Bg3 Be3 18. Bxd3 Rxd3 19. Rad1 Rhd8 20. Rxd3 Rxd3 21. Rd1 Qd8 22. Rxd3 Qxd3 23. Qd1 Qxc4 24. Qd6 Bb6 25. Qb8+ Kd7 26. Qxb7+ Kd8 27. Qb8+ Kd7 28. Qd6+ Ke8 29. g5 Nd5 30. Qe5+ Kd7 31. Ne4 Ne3+ 32. Kh3 Qf1+ 33. Kh4 Nf5+ 34. Kg4 Ne3+ 35. Kh4 Nf5+ 36. Kg4 Ne3+ 37. Kh4 Nf5+ 38. Kg4 Ne3+ 1/2-1/2